Tres videntes de Fátima, Los / [por] C. de Villar

Збережено в:
Бібліографічні деталі
Автор: Villar, C. de (autor)
Формат: Книга
Предмети:
Теги: Додати тег
Немає тегів, Будьте першим, хто поставить тег для цього запису!

MARC

LEADER 00000nam^a2200000^u^4500
001 000544143
005 20250521000000.0
008 060220s1000^^^^^^^^^^^^r^^^^^000^0^spa^d
009 20260310131322.556
035 |a FMI 000013226 
037 |a Acervo Xavier Clavigero 
096 |a 5.4.2/33/B 
100 |a Villar, C. de  |e (autor) 
245 1 0 |a Tres videntes de Fátima, Los / [por] C. de Villar 
264 |a Barcelona : Arysel, [s.a.] 
300 |a 108 p. 
336 |a texto  |b txt  |2 rdacontenido 
337 |a sin mediación  |b n  |2 rdamedio 
338 |a volumen  |b nc  |2 rdasoporte 
597 |a Notas históricas de los tres pastorcitos de Fátima.-Apariciones.-Espíritu de Sacrificio.-Devoción al Inmaculado Corazón de María 
649 |a XX 
650 |a MARIOLOGIA 
910 |a Fondo Francisco Migoya Covarrubias S.J. 
920 |a Impresos - Libros 
930 |a Fondos Especiales 
905 |a 134 
901 |a SBC09302  |b IT2  |c ESP  |u 20250521 
902 |a https://opac.biblio.iteso.mx/vufind/Record/000544143